000 01115cam a2200313 i 4500
001 46546
003 Mx-PuUPA
005 20210719201129.0
008 140415s2003 mx a r 000 0 spa d
020 _a970640208X
040 _aMX-PuUPA
_bspa
_erda
_cMx-PuUPA
_dMx-PuUPA
041 0 _aspa
245 1 0 _aFronteras de la biología en los inicios del siglo xxi /
_cD. Alarcón-Segovia, F. G. Bolívar Zapata, R. de la Fuente, J. Kumate [y otros cuatro].
250 _aPrimera edición
264 1 _aMéxico, D.F. :
_bEl Colegio Nacional,
_c2003
300 _a11 volúmenes (paginación varía) :
_bilustraciones ;
_c23 cm.
336 _atexto
_2rdacontent
_btxt
337 _asin medio
_2rdamedia
_bn
338 _avolumen
_2rdacarrier
_bnc
650 4 _aBiología
_xInvestigación
650 4 _aGenética
_xBiotecnología
700 1 _aAlarcón-Segovia, Donato,
_ecompilador
700 1 _aBolívar Zapata, F. G.,
_ecompilador
700 1 _aFuente, R. de la,
_ecompilador
700 1 _aKumate, J.,
_ecompilador
942 _h570
_iF922
_cLI
_2ddc
999 _c46546
_d46546